[Event "DEM U10 2023"]
[Site "Willingen GER"]
[Date "2023.05.31"]
[Round "6"]
[White "Fadeev, Justin Michael"]
[Black "Peglau, Paul David"]
[Result "1/2-1/2"]
[Termination "normal"]
[Board "1"]
[WhiteElo "1470"]
[BlackElo "1745"]
[WhiteClock "00:35:22"]
[BlackClock "00:45:12"]
[PlyCount "41"]
[WhiteFideId "34602968"]
[BlackFideId "16290550"]
[EventCountry "GER"]
[EventRounds "11"]
[EventType "swiss"]
[EventDate "2023.05.27"]

1. e4 {[%clk 01:15:59]} {[%emt 00:32:12]} c5 {[%clk 01:15:55]} {[%emt
00:00:06]} 2. Nf3 {[%clk 01:16:23]} {[%emt 00:00:06]} Nc6 {[%clk 01:16:18]}
{[%emt 00:00:08]} 3. d4 {[%clk 01:16:48]} {[%emt 00:00:04]} cxd4 {[%clk
01:16:46]} {[%emt 00:00:02]} 4. Nxd4 {[%clk 01:17:12]} {[%emt 00:00:05]} Qb6
{[%clk 01:16:56]} {[%emt 00:00:21]} 5. Nxc6 {[%clk 01:01:45]} {[%emt 00:15:57]}
dxc6 {[%clk 01:17:13]} {[%emt 00:00:13]} 6. Bd3 {[%clk 01:01:00]} {[%emt
00:01:14]} e5 {[%clk 01:16:46]} {[%emt 00:00:58]} 7. O-O {[%clk 01:01:05]}
{[%emt 00:00:25]} Nf6 {[%clk 01:16:04]} {[%emt 00:01:13]} 8. Nd2 {[%clk
00:58:58]} {[%emt 00:02:36]} Be6 {[%clk 01:13:32]} {[%emt 00:03:02]} 9. Nf3
{[%clk 00:58:27]} {[%emt 00:01:01]} Bd6 {[%clk 01:09:12]} {[%emt 00:04:50]} 10.
Ng5 {[%clk 00:55:55]} {[%emt 00:03:01]} Bg4 {[%clk 01:06:43]} {[%emt 00:03:00]}
11. Be2 {[%clk 00:51:40]} {[%emt 00:04:45]} Bxe2 {[%clk 01:06:22]} {[%emt
00:00:52]} 12. Qxe2 {[%clk 00:52:04]} {[%emt 00:00:05]} O-O {[%clk 01:05:17]}
{[%emt 00:01:35]} 13. Rb1 {[%clk 00:47:17]} {[%emt 00:05:18]} Rad8 {[%clk
01:02:36]} {[%emt 00:03:10]} 14. Be3 {[%clk 00:46:12]} {[%emt 00:01:36]} Bc5
{[%clk 01:00:31]} {[%emt 00:02:35]} 15. Bxc5 {[%clk 00:45:12]} {[%emt
00:01:29]} Qxc5 {[%clk 01:00:52]} {[%emt 00:00:09]} 16. Rfd1 {[%clk 00:45:00]}
{[%emt 00:00:42]} h6 {[%clk 00:57:29]} {[%emt 00:03:52]} 17. Nf3 {[%clk
00:46:58]} {[%emt 00:02:49]} Qe7 {[%clk 00:53:47]} {[%emt 00:04:12]} 18. h3
{[%clk 00:43:41]} {[%emt 00:03:47]} Qb4 {[%clk 00:48:18]} {[%emt 00:05:54]} 19.
Re1 {[%clk 00:35:19]} {[%emt 00:08:55]} Rfe8 {[%clk 00:46:34]} {[%emt
00:02:16]} 20. c3 {[%clk 00:35:22]} {[%emt 00:00:27]} Qe7 {[%clk 00:45:12]}
{[%emt 00:01:51]} 21. Rbd1 {[%emt 00:01:51]} 1/2-1/2

[Event "DEM U10 2023"]
[Site "Willingen GER"]
[Date "2023.05.31"]
[Round "6"]
[White "Belin, Anton"]
[Black "Gersemann, Karl"]
[Result "0-1"]
[Termination "normal"]
[Board "2"]
[WhiteElo "1662"]
[BlackElo "1751"]
[WhiteClock "01:00:37"]
[BlackClock "00:46:48"]
[PlyCount "95"]
[WhiteFideId "34610952"]
[BlackFideId "34602186"]
[EventCountry "GER"]
[EventRounds "11"]
[EventType "swiss"]
[EventDate "2023.05.27"]

1. e4 {[%clk 01:15:58]} {[%emt 00:00:01]} e5 {[%clk 01:15:31]} {[%emt
00:00:28]} 2. Nf3 {[%clk 01:16:18]} {[%emt 00:00:12]} Nc6 {[%clk 01:15:30]}
{[%emt 00:00:29]} 3. Bc4 {[%clk 01:16:38]} {[%emt 00:00:12]} Bc5 {[%clk
01:15:31]} {[%emt 00:00:26]} 4. d3 {[%clk 01:16:48]} {[%emt 00:00:22]} Nf6
{[%clk 01:14:38]} {[%emt 00:01:23]} 5. Nc3 {[%clk 01:17:04]} {[%emt 00:00:14]}
h6 {[%clk 01:14:57]} {[%emt 00:00:12]} 6. Be3 {[%clk 01:16:28]} {[%emt
00:01:05]} d6 {[%clk 01:13:47]} {[%emt 00:01:41]} 7. a4 {[%clk 01:16:25]}
{[%emt 00:00:33]} a6 {[%clk 01:13:06]} {[%emt 00:01:11]} 8. Qd2 {[%clk
01:15:21]} {[%emt 00:01:33]} Bg4 {[%clk 01:12:14]} {[%emt 00:01:22]} 9. h3
{[%clk 01:13:04]} {[%emt 00:02:47]} Bxf3 {[%clk 01:12:34]} {[%emt 00:00:11]}
10. gxf3 {[%clk 01:13:29]} {[%emt 00:00:05]} g5 {[%clk 01:11:55]} {[%emt
00:01:08]} 11. h4 {[%clk 01:11:58]} {[%emt 00:02:02]} g4 {[%clk 01:11:15]}
{[%emt 00:01:09]} 12. Bxc5 {[%clk 01:10:24]} {[%emt 00:02:05]} dxc5 {[%clk
01:11:38]} {[%emt 00:00:07]} 13. fxg4 {[%clk 01:10:45]} Nd4 {[%clk 01:11:32]}
{[%emt 00:00:43]} 14. Rh3 {[%emt 00:00:47]} Nxg4 {[%clk 01:11:50]} 15. f3
{[%clk 01:10:30]} {[%emt 00:00:41]} Nf6 {[%clk 01:11:51]} {[%emt 00:00:29]} 16.
O-O-O {[%clk 01:10:52]} {[%emt 00:00:09]} b5 {[%clk 01:11:23]} {[%emt
00:00:58]} 17. Ba2 {[%clk 01:10:42]} {[%emt 00:00:39]} Qd7 {[%clk 01:10:08]}
{[%emt 00:01:45]} 18. Qh2 {[%clk 01:09:32]} {[%emt 00:01:39]} Qd6 {[%clk
01:08:57]} {[%emt 00:01:42]} 19. Re1 {[%clk 01:08:45]} {[%emt 00:01:17]} Nh5
{[%clk 01:07:33]} {[%emt 00:01:54]} 20. Nd5 {[%clk 01:06:57]} {[%emt 00:02:17]}
c6 {[%clk 01:06:40]} {[%emt 00:01:25]} 21. Ne3 {[%clk 01:06:33]} {[%emt
00:00:53]} Rg8 {[%clk 01:01:42]} {[%emt 00:05:28]} 22. c3 {[%clk 01:05:33]}
{[%emt 00:01:30]} Nf4 {[%clk 01:01:48]} {[%emt 00:00:24]} 23. cxd4 {[%clk
01:05:56]} {[%emt 00:00:07]} cxd4 {[%clk 01:01:05]} {[%emt 00:01:13]} 24. Rg3
{[%clk 01:04:07]} {[%emt 00:02:19]} Rxg3 {[%clk 01:00:47]} {[%emt 00:00:49]}
25. Qxg3 {[%clk 01:04:29]} {[%emt 00:00:07]} Nxd3+ {[%clk 01:00:22]} {[%emt
00:00:56]} 26. Kd2 {[%clk 01:04:34]} {[%emt 00:00:25]} dxe3+ {[%clk 01:00:33]}
{[%emt 00:00:18]} 27. Ke2 {[%clk 01:03:08]} {[%emt 00:01:56]} Nc1+ {[%clk
00:59:06]} {[%emt 00:01:58]} 28. Kf1 {[%clk 01:02:52]} {[%emt 00:00:44]} Nxa2
{[%clk 00:59:08]} {[%emt 00:00:29]} 29. Qg8+ {[%clk 01:02:42]} {[%emt
00:00:40]} Qf8 {[%clk 00:59:06]} {[%emt 00:00:32]} 30. Qg3 {[%clk 01:03:02]}
{[%emt 00:00:09]} f6 {[%clk 00:57:54]} {[%emt 00:01:44]} 31. Rxe3 {[%clk
01:02:41]} {[%emt 00:00:50]} Qf7 {[%clk 00:54:29]} {[%emt 00:03:55]} 32. f4
{[%clk 01:01:30]} {[%emt 00:01:42]} Qc4+ {[%clk 00:53:36]} {[%emt 00:01:22]}
33. Kg2 {[%clk 01:01:42]} {[%emt 00:00:17]} Kf7 {[%clk 00:52:46]} {[%emt
00:01:20]} 34. Qf3 {[%clk 00:59:44]} {[%emt 00:02:28]} Rg8+ {[%clk 00:52:57]}
{[%emt 00:00:19]} 35. Kf2 {[%clk 00:59:11]} {[%emt 00:01:04]} Qc2+ {[%clk
00:52:16]} {[%emt 00:01:10]} 36. Re2 {[%clk 00:59:32]} {[%emt 00:00:10]} Qc5+
{[%clk 00:52:37]} {[%emt 00:00:09]} 37. Re3 {[%clk 00:59:52]} {[%emt 00:00:10]}
Nc1 {[%clk 00:50:40]} {[%emt 00:02:27]} 38. Qh5+ {[%clk 00:59:32]} {[%emt
00:00:51]} Ke7 {[%clk 00:50:26]} {[%emt 00:00:44]} 39. Qxh6 {[%clk 00:58:40]}
{[%emt 00:01:22]} Nd3+ {[%clk 00:49:44]} {[%emt 00:01:12]} 40. Kf3 {[%clk
00:58:52]} {[%emt 00:00:18]} Rg3+ {[%clk 00:49:42]} {[%emt 00:00:31]} 41. Kxg3
{[%clk 00:59:14]} {[%emt 00:00:08]} Qxe3+ {[%clk 00:50:04]} {[%emt 00:00:08]}
42. Kg4 {[%clk 00:59:03]} {[%emt 00:00:41]} Qxf4+ {[%clk 00:50:24]} {[%emt
00:00:11]} 43. Qxf4 {[%clk 00:59:24]} {[%emt 00:00:08]} Nxf4 {[%clk 00:50:47]}
{[%emt 00:00:06]} 44. axb5 {[%clk 00:59:48]} {[%emt 00:00:06]} cxb5 {[%clk
00:51:11]} {[%emt 00:00:08]} 45. b4 {[%clk 01:00:12]} {[%emt 00:00:05]} Nd3
{[%clk 00:46:54]} {[%emt 00:04:47]} 46. h5 {[%clk 01:00:07]} {[%emt 00:00:35]}
Kf7 {[%clk 00:47:09]} {[%emt 00:00:15]} 47. Kf5 {[%clk 01:00:16]} {[%emt
00:00:21]} Nxb4 {[%clk 00:46:48]} {[%emt 00:00:50]} 48. h6 {[%clk 01:00:37]}
{[%emt 00:00:11]} 0-1

[Event "DEM U10 2023"]
[Site "Willingen GER"]
[Date "2023.05.31"]
[Round "6"]
[White "Steinbrenner, Peter"]
[Black "Tarasenko, Nazar"]
[Result "0-1"]
[Termination "normal"]
[Board "3"]
[WhiteElo "1601"]
[BlackElo "1970"]
[WhiteClock "00:02:04"]
[BlackClock "01:04:36"]
[PlyCount "74"]
[WhiteFideId "34645535"]
[BlackFideId "34161430"]
[EventCountry "GER"]
[EventRounds "11"]
[EventType "swiss"]
[EventDate "2023.05.27"]

1. e4 {[%clk 01:15:54]} {[%emt 00:00:05]} c5 {[%clk 01:15:57]} {[%emt
00:00:04]} 2. Nf3 {[%clk 01:16:16]} {[%emt 00:00:08]} d6 {[%clk 01:16:21]}
{[%emt 00:00:05]} 3. d4 {[%clk 01:16:42]} {[%emt 00:00:04]} cxd4 {[%clk
01:16:48]} {[%emt 00:00:04]} 4. Nxd4 {[%clk 01:17:06]} {[%emt 00:00:05]} Nf6
{[%clk 01:17:14]} {[%emt 00:00:05]} 5. Nc3 {[%clk 01:17:27]} {[%emt 00:00:09]}
a6 {[%clk 01:17:40]} {[%emt 00:00:05]} 6. Be3 {[%clk 01:17:34]} {[%emt
00:00:21]} e5 {[%clk 01:17:27]} {[%emt 00:00:44]} 7. Nb3 {[%clk 01:17:34]}
{[%emt 00:00:30]} Be7 {[%clk 01:15:14]} {[%emt 00:02:42]} 8. f3 {[%clk
01:17:51]} {[%emt 00:00:14]} Be6 {[%clk 01:15:38]} {[%emt 00:00:05]} 9. Qd2
{[%clk 01:17:51]} {[%emt 00:00:30]} Nbd7 {[%clk 01:15:50]} {[%emt 00:00:19]}
10. g4 {[%clk 01:16:58]} {[%emt 00:01:23]} b5 {[%clk 01:14:22]} {[%emt
00:01:58]} 11. g5 {[%clk 00:53:21]} {[%emt 00:24:06]} Nh5 {[%clk 01:14:39]}
{[%emt 00:00:13]} 12. O-O-O {[%clk 00:44:24]} {[%emt 00:09:27]} b4 {[%clk
01:13:49]} {[%emt 00:01:21]} 13. Nd5 {[%clk 00:41:41]} {[%emt 00:03:10]} Bxd5
{[%clk 01:13:12]} {[%emt 00:01:09]} 14. exd5 {[%clk 00:39:31]} {[%emt
00:02:40]} a5 {[%clk 01:12:47]} {[%emt 00:00:56]} 15. Kb1 {[%clk 00:36:33]}
{[%emt 00:03:27]} O-O {[%clk 01:12:37]} {[%emt 00:00:41]} 16. Nc1 {[%clk
00:30:33]} {[%emt 00:06:28]} f5 {[%clk 01:07:57]} {[%emt 00:05:12]} 17. gxf6
{[%clk 00:28:21]} {[%emt 00:02:41]} Bxf6 {[%clk 01:08:06]} {[%emt 00:00:21]}
18. Ne2 {[%clk 00:22:50]} {[%emt 00:06:00]} Nb6 {[%clk 01:06:25]} {[%emt
00:02:12]} 19. Ng3 {[%clk 00:19:30]} {[%emt 00:03:50]} Nf4 {[%clk 01:04:16]}
{[%emt 00:02:39]} 20. Ne4 {[%clk 00:17:00]} {[%emt 00:02:59]} Kh8 {[%clk
01:04:16]} {[%emt 00:00:31]} 21. Bxf4 {[%clk 00:12:22]} {[%emt 00:05:08]} exf4
{[%clk 01:04:36]} {[%emt 00:00:09]} 22. Nxf6 {[%clk 00:07:30]} {[%emt
00:05:22]} Rxf6 {[%clk 01:04:24]} {[%emt 00:00:42]} 23. Qd4 {[%clk 00:06:17]}
{[%emt 00:01:44]} Rc8 {[%clk 01:03:10]} {[%emt 00:01:44]} 24. Rd2 {[%clk
00:04:21]} {[%emt 00:02:26]} Rc5 {[%clk 01:02:48]} {[%emt 00:00:52]} 25. Qe4
{[%clk 00:03:39]} {[%emt 00:01:07]} Qg8 {[%clk 01:02:47]} {[%emt 00:00:34]} 26.
Bh3 {[%clk 00:02:27]} {[%emt 00:01:41]} Nxd5 {[%clk 01:02:37]} {[%emt
00:00:43]} 27. Rhd1 {[%clk 00:01:26]} {[%emt 00:01:30]} Nc3+ {[%clk 01:02:43]}
{[%emt 00:00:24]} 28. bxc3 {[%clk 00:01:35]} {[%emt 00:00:22]} bxc3 {[%clk
01:03:08]} {[%emt 00:00:05]} 29. Qb7 {[%clk 00:00:44]} {[%emt 00:01:21]} cxd2
{[%clk 01:03:13]} {[%emt 00:00:25]} 30. Rxd2 {[%clk 00:00:59]} {[%emt
00:00:15]} Qe8 {[%clk 01:03:14]} {[%emt 00:00:28]} 31. a4 {[%clk 00:00:43]}
{[%emt 00:00:47]} h6 {[%clk 01:02:45]} {[%emt 00:00:59]} 32. Rd1 {[%clk
00:00:40]} {[%emt 00:00:31]} Rc4 {[%clk 01:02:49]} {[%emt 00:00:27]} 33. Qd5
{[%clk 00:00:49]} {[%emt 00:00:21]} Rb4+ {[%clk 01:03:05]} {[%emt 00:00:14]}
34. Kc1 {[%clk 00:01:08]} {[%emt 00:00:11]} Qe3+ {[%clk 01:03:29]} {[%emt
00:00:06]} 35. Rd2 {[%clk 00:01:25]} {[%emt 00:00:13]} Qa3+ {[%clk 01:03:52]}
{[%emt 00:00:07]} 36. Kd1 {[%clk 00:01:45]} {[%emt 00:00:11]} Rb1+ {[%clk
01:04:16]} {[%emt 00:00:06]} 37. Ke2 {[%clk 00:02:04]} {[%emt 00:00:11]} Qe3#
{[%clk 01:04:36]} {[%emt 00:00:09]} 0-1

[Event "DEM U10 2023"]
[Site "Willingen GER"]
[Date "2023.05.31"]
[Round "6"]
[White "Zargaran, Sepas"]
[Black "Andersen, Jonathan"]
[Result "0-1"]
[Termination "normal"]
[Board "4"]
[WhiteElo "1540"]
[BlackElo "1494"]
[WhiteClock "00:48:47"]
[BlackClock "01:19:38"]
[PlyCount "122"]
[WhiteFideId "34625275"]
[BlackFideId "34623884"]
[EventCountry "GER"]
[EventRounds "11"]
[EventType "swiss"]
[EventDate "2023.05.27"]

1. e4 {[%clk 01:15:57]} {[%emt 00:00:02]} e5 {[%clk 01:15:53]} {[%emt
00:00:07]} 2. Nf3 {[%clk 01:16:21]} {[%emt 00:00:07]} Nc6 {[%clk 01:16:16]}
{[%emt 00:00:07]} 3. Nc3 {[%clk 01:16:46]} {[%emt 00:00:05]} Nf6 {[%clk
01:16:30]} {[%emt 00:00:16]} 4. d4 {[%clk 01:17:11]} {[%emt 00:00:05]} exd4
{[%clk 01:16:55]} {[%emt 00:00:05]} 5. Nd5 {[%clk 01:17:33]} {[%emt 00:00:09]}
d6 {[%clk 01:15:36]} {[%emt 00:01:49]} 6. Nxd4 {[%clk 01:16:19]} {[%emt
00:01:42]} Be7 {[%clk 01:15:02]} {[%emt 00:01:04]} 7. Nc3 {[%clk 01:12:08]}
{[%emt 00:04:39]} O-O {[%clk 01:15:15]} {[%emt 00:00:20]} 8. Bb5 {[%clk
01:07:08]} {[%emt 00:05:28]} Bd7 {[%clk 01:15:04]} {[%emt 00:00:42]} 9. Bxc6
{[%clk 01:06:56]} {[%emt 00:00:42]} Bxc6 {[%clk 01:15:25]} {[%emt 00:00:09]}
10. Nxc6 {[%clk 01:07:01]} {[%emt 00:00:24]} bxc6 {[%clk 01:15:52]} {[%emt
00:00:05]} 11. O-O {[%clk 01:07:03]} {[%emt 00:00:27]} Qd7 {[%clk 01:15:56]}
{[%emt 00:00:27]} 12. Bg5 {[%clk 01:06:17]} {[%emt 00:01:16]} h6 {[%clk
01:15:47]} {[%emt 00:00:39]} 13. Bh4 {[%clk 01:05:55]} {[%emt 00:00:45]} Nxe4
{[%clk 01:15:35]} {[%emt 00:00:49]} 14. Bxe7 {[%clk 01:03:09]} {[%emt
00:03:16]} Nxc3 {[%clk 01:15:46]} {[%emt 00:00:19]} 15. Qd3 {[%clk 01:02:19]}
{[%emt 00:01:17]} Qxe7 {[%clk 01:15:57]} {[%emt 00:00:22]} 16. Qxc3 {[%clk
01:02:17]} {[%emt 00:00:32]} c5 {[%clk 01:16:09]} {[%emt 00:00:18]} 17. Rfe1
{[%clk 01:02:30]} {[%emt 00:00:17]} Qd7 {[%clk 01:15:58]} {[%emt 00:00:41]} 18.
Re3 {[%clk 01:02:44]} {[%emt 00:00:15]} Rfe8 {[%clk 01:16:03]} {[%emt
00:00:26]} 19. Rg3 {[%clk 01:02:47]} {[%emt 00:00:25]} f5 {[%clk 01:15:47]}
{[%emt 00:00:47]} 20. h3 {[%clk 01:01:44]} {[%emt 00:01:31]} Re5 {[%clk
01:15:36]} {[%emt 00:00:44]} 21. Rd1 {[%clk 01:00:01]} {[%emt 00:02:11]} Rae8
{[%clk 01:15:36]} {[%emt 00:00:32]} 22. f4 {[%clk 00:59:35]} {[%emt 00:00:56]}
Re4 {[%clk 01:15:46]} {[%emt 00:00:19]} 23. Rf3 {[%clk 00:59:13]} {[%emt
00:00:51]} Qe7 {[%clk 01:15:28]} {[%emt 00:00:50]} 24. Rff1 {[%clk 00:59:21]}
{[%emt 00:00:20]} Re2 {[%clk 01:15:18]} {[%emt 00:00:42]} 25. Qd3 {[%clk
00:57:44]} {[%emt 00:02:02]} Qe3+ {[%clk 01:15:35]} {[%emt 00:00:17]} 26. Qxe3
{[%clk 00:57:50]} {[%emt 00:00:25]} R8xe3 {[%clk 01:15:55]} {[%emt 00:00:09]}
27. Rf2 {[%clk 00:56:48]} {[%emt 00:01:32]} Re1+ {[%clk 01:15:44]} {[%emt
00:00:41]} 28. Rxe1 {[%clk 00:55:16]} {[%emt 00:02:02]} Rxe1+ {[%clk 01:16:10]}
{[%emt 00:00:05]} 29. Kh2 {[%clk 00:55:10]} {[%emt 00:00:35]} Ra1 {[%clk
01:16:31]} {[%emt 00:00:09]} 30. a3 {[%clk 00:55:33]} {[%emt 00:00:08]} Kf7
{[%clk 01:16:48]} {[%emt 00:00:12]} 31. g4 {[%clk 00:55:58]} {[%emt 00:00:05]}
fxg4 {[%clk 01:17:12]} {[%emt 00:00:07]} 32. hxg4 {[%clk 00:56:23]} {[%emt
00:00:05]} d5 {[%clk 01:17:24]} {[%emt 00:00:18]} 33. c3 {[%clk 00:55:39]}
{[%emt 00:01:14]} Rd1 {[%clk 01:17:21]} {[%emt 00:00:33]} 34. Kg3 {[%clk
00:53:03]} {[%emt 00:03:06]} Rd3+ {[%clk 01:16:55]} {[%emt 00:00:56]} 35. Kh4
{[%clk 00:52:41]} {[%emt 00:00:51]} Re3 {[%clk 01:16:59]} {[%emt 00:00:27]} 36.
Rd2 {[%clk 00:52:51]} {[%emt 00:00:20]} c6 {[%clk 01:17:14]} {[%emt 00:00:14]}
37. Rc2 {[%clk 00:49:39]} {[%emt 00:03:43]} g6 {[%clk 01:17:20]} {[%emt
00:00:23]} 38. b4 {[%clk 00:49:05]} {[%emt 00:01:05]} c4 {[%clk 01:17:22]}
{[%emt 00:00:28]} 39. a4 {[%clk 00:48:09]} {[%emt 00:01:26]} a6 {[%clk
01:17:47]} {[%emt 00:00:04]} 40. a5 {[%clk 00:47:55]} {[%emt 00:00:45]} Rf3
{[%clk 01:18:05]} {[%emt 00:00:12]} 41. g5 {[%clk 00:46:54]} {[%emt 00:01:30]}
Rxf4+ {[%clk 01:18:24]} {[%emt 00:00:12]} 42. Kg3 {[%clk 00:47:05]} {[%emt
00:00:18]} hxg5 {[%clk 01:18:49]} {[%emt 00:00:04]} 43. Rh2 {[%clk 00:47:21]}
{[%emt 00:00:15]} Re4 {[%clk 01:19:00]} {[%emt 00:00:19]} 44. Rh7+ {[%clk
00:47:43]} {[%emt 00:00:09]} Ke8 {[%clk 01:19:00]} {[%emt 00:00:30]} 45. Kf2
{[%clk 00:47:55]} {[%emt 00:00:17]} Re7 {[%clk 01:19:22]} {[%emt 00:00:08]} 46.
Rh8+ {[%clk 00:48:17]} {[%emt 00:00:08]} Kd7 {[%clk 01:19:20]} {[%emt
00:00:32]} 47. Ra8 {[%clk 00:48:20]} {[%emt 00:00:27]} Kd6 {[%clk 01:17:11]}
{[%emt 00:02:39]} 48. Rxa6 {[%clk 00:48:35]} {[%emt 00:00:16]} Rb7 {[%clk
01:17:07]} {[%emt 00:00:34]} 49. Ra8 {[%clk 00:48:27]} {[%emt 00:00:38]} Kc7
{[%clk 01:17:22]} {[%emt 00:00:14]} 50. Rg8 {[%clk 00:48:32]} {[%emt 00:00:24]}
d4 {[%clk 01:17:09]} {[%emt 00:00:45]} 51. Rxg6 {[%clk 00:48:00]} {[%emt
00:01:02]} dxc3 {[%clk 01:17:26]} {[%emt 00:00:13]} 52. Rxg5 {[%clk 00:48:20]}
{[%emt 00:00:10]} Rxb4 {[%clk 01:17:32]} {[%emt 00:00:24]} 53. Rg7+ {[%clk
00:48:23]} {[%emt 00:00:26]} Kd6 {[%clk 01:17:29]} {[%emt 00:00:33]} 54. Ke2
{[%clk 00:48:35]} {[%emt 00:00:18]} Ra4 {[%clk 01:17:45]} {[%emt 00:00:14]} 55.
Rg4 {[%clk 00:47:56]} {[%emt 00:01:09]} Kc5 {[%clk 01:17:56]} {[%emt 00:00:19]}
56. Rg5+ {[%clk 00:48:08]} {[%emt 00:00:19]} Kb4 {[%clk 01:18:15]} {[%emt
00:00:10]} 57. Rg6 {[%clk 00:48:04]} {[%emt 00:00:35]} Rxa5 {[%clk 01:18:31]}
{[%emt 00:00:14]} 58. Rxc6 {[%clk 00:48:22]} {[%emt 00:02:12]} Rd5 {[%clk
01:18:42]} {[%emt 00:01:06]} 59. Rb6+ {[%clk 00:48:34]} {[%emt 00:00:17]} Ka3
{[%clk 01:18:56]} {[%emt 00:00:16]} 60. Rb1 {[%clk 00:48:24]} {[%emt 00:00:41]}
c2 {[%clk 01:19:14]} {[%emt 00:00:12]} 61. Rc1 {[%clk 00:48:47]} {[%emt
00:00:07]} Kb2 {[%clk 01:19:38]} {[%emt 00:00:05]} 0-1